Statistics for Pokémon GO: Lowest CP Flying-type Pokémon

Click here to take the quiz!

General Stats

  • This quiz has been taken 13 times
  • The average score is 17 of 20

Answer Stats

Max CPAnswer% Correct
766Hoothoot
100%
678Hoppip
100%
769Pidgey
100%
958Pidove
100%
1103Skiploom
100%
902Spearow
100%
813Starly
100%
865Taillow
100%
865Wingull
100%
559Combee
83%
968Ducklett
83%
905Fletchling
83%
823Ledyba
83%
1029Pikipek
83%
754Zubat
83%
1237Delibird
67%
931Swablu
67%
754Noibat
50%
1196Rowlet
50%
1149Woobat
33%

Score Distribution

Percentile by Number Answered

Percent of People with Each Score

Your Score History

You have not taken this quiz